000 00995nac a22002891i 4500
003 EG-ScBUE
005 20250629092628.0
008 250618r19991987ii a f b 001 0 eng d
020 _a8121908558
020 _a9788121908559
040 _aEG-ScBUE
_beng
_erda
_cEG-ScBUE
_dEG-ScBUE
082 0 4 _a537
_bTEW
_222
100 1 _aTewari, K. K.,
_eauthor.
245 1 0 _aElectricity and magnetism with electronics /
_cK. K. Tewari, M.Sc., Ph.D., Deptt. of Physics, D.A.V. College, Kanpur (U.P.)
250 _aReprinted edition.
264 1 _aRam Nagar, New Delhi :
_bS. Chand & Company LTD.,
_c1999.
300 _a1 volume (various pagings) :
_billustrations ;
_c24 cm
336 _2rdacontent
_atext
_btxt
337 _aunmediated
_2rdamedia
_bn
338 _avolume
_bnc
_2rdacarrier
500 _aIncludes Appendices.
504 _aIncludes bibliographical references and index.
650 7 _aElectricity.
_2BUEsh
650 7 _aMagnetism.
_2BUEsh
655 _vReading book
942 _cBB
_2ddc
999 _c9653
_d9653